000 00671nam a2200229Ia 4500
003 OSt
005 20221005053151.0
006 a|||||r|||| 00| 0
007 ta
008 221004b |||||||| |||| 00| 0 eng d
024 _a52543
037 _cTextual
040 _aCRL
_cCRL
_beng
041 _2eng
_aeng
082 _aT4.3t4.N96,--N19, M6
100 _aShinn Christine Helen
_9597237
245 0 _aPaying the piper
_b The development of the university grants committee 1919-46
260 _aLondon
_bFalmer
_c1986
650 _aEDUCATION
942 _hT4.3t4.N96,--N19, M6
_cTEXL
_2cc
999 _c961551
_d961551